Algunas observaciones metodológicas sobre la enseñanza de la composición

Αποθηκεύτηκε σε:
Λεπτομέρειες βιβλιογραφικής εγγραφής
Κύριος συγγραφέας: Castagnino, Raúl H (Συγγραφέας)
Μορφή: Βιβλίο
Γλώσσα:Ισπανικά
Έκδοση: Buenos Aires Nova 1955
Θέματα:
Ετικέτες: Προσθήκη ετικέτας
Δεν υπάρχουν, Καταχωρήστε ετικέτα πρώτοι!

MARC

LEADER 00000nam a2200000 a 4500
001 UCY8461
003 CL-VaPUC
008 950703e19551103AG |||||||||||||||||spa|d
082 0 4 |a 372.623  |b CAS  |2 21 
100 0 |a Castagnino, Raúl H  |e author  |9 339841 
245 1 0 |a Algunas observaciones metodológicas sobre la enseñanza de la composición 
300 |a 45 p 
942 |c BK 
945 |d 19950703 00:00:00  |a mfernand 
260 |a Buenos Aires  |b Nova  |c 1955 
650 0 |a Composición literaria  |9 324494 
650 7 |a EJERCICIO DE REDACCION  |2 CL-VaPUC  |9 339842 
650 0 |a Escritura  |9 264941 
650 0 |a Enseñanza de la escritura  |9 307377 
583 |a last modification  |c 19950703 00:00:00  |k Rodrigo Vera 
999 |c 235701  |d 235699 
952 |0 0  |1 0  |4 0  |6 372_623000000000000_CAS_1955  |7 0  |8 P  |9 243291  |a BIBEDU  |b BIBEDU  |c BIBEDU_PB  |d 2019-11-18  |i 1528025  |o 372.623 CAS 1955  |p 1528025  |r 2024-01-25  |w 2019-11-18  |y BK  |k EDU